000 00601nam a2200241Ia 4500
003 OSt
005 20221005125332.0
006 a|||||r|||| 00| 0
007 ta
008 221004b |||||||| |||| 00| 0 kan d
024 _a60344
037 _cTextual
040 _aCRL
_cCRL
_bkan
041 _2kan
_akan
082 _aO33,1:gM5, K7
100 _aShivarudrappa Au.
_9636533
245 0 _aParisheelana
260 _c1967
650 _a KANNAD POETRY
650 _aKANNAD LITERATURE
942 _hO33,1:gM5, K7
_cTEXL
_2cc
999 _c1053710
_d1053710